Random French Vocabulary #4 - Statistics

General Stats
  • This quiz has been taken 111 times
  • The average score is 13 of 15
Answer Stats
French English % Correct
amour love
99%
grand big
98%
moi me
98%
nouveau new
98%
toi you
97%
aimer to like/like
96%
ce this
93%
cette this
87%
toujous always
85%
jamais never
84%
ces these
84%
fils son
81%
souvent often
77%
parfois sometimes
76%
son sound
24%
No matching quizzes found
Score Distribution
Percent of People with Each Score
Percentile by Number Answered
Your Score History
You have not taken this quiz